Central Library OPAC University of Rajshahi

Elements of ecology / (Record no. 12658)

MARC details
000 -LEADER
fixed length control field 00800nam a22002531 4500
001 - CONTROL NUMBER
control field 12658
003 - CONTROL NUMBER IDENTIFIER
rucl marc code BD-RjUL
005 - DATE AND TIME OF LATEST TRANSACTION
control field 20211208235332.0
008 - FIXED-LENGTH DATA ELEMENTS--GENERAL INFORMATION
fixed length control field 140129r19671954nyuab b 001 0 eng
020 ## - INTERNATIONAL STANDARD BOOK NUMBER
International Standard Book Number 0471159751
035 ## - SYSTEM CONTROL NUMBER
System control number (BD-RjUL)12708
040 ## - CATALOGING SOURCE
Original cataloging agency DLC/ICU
Transcribing agency ICU
Modifying agency DLC
-- BD-RjUL
Language of cataloging eng
041 ## - LANGUAGE CODE
Language code of text/sound track or separate title eng
082 00 - DEWEY DECIMAL CLASSIFICATION NUMBER
Edition number 23
Classification number 577
Author mark and year CLE 1967
100 1# - MAIN ENTRY--PERSONAL NAME
Personal name Clarke, George L.
Fuller form of name (George Leonard),
Dates associated with a name 1905-
9 (RLIN) 39409
245 10 - TITLE STATEMENT
Title Elements of ecology /
Statement of responsibility, etc. George L. Clarke.
250 ## - EDITION STATEMENT
Edition statement [1st ed.] rev. print., with subject guide to new references.
260 ## - PUBLICATION, DISTRIBUTION, ETC. (IMPRINT)
Place of publication, distribution, etc. New York :
Name of publisher, distributor, etc. Wiley ,
Date of publication, distribution, etc. c1954 [printing 1967].
300 ## - PHYSICAL DESCRIPTION
Pagination xiv, 560 p. :
Illustrations illus., maps. ;
Size 23 cm.
504 ## - BIBLIOGRAPHY, ETC. NOTE
Bibliography, etc Bibliography: p. 505-522, 530-548. and index.
650 #0 - SUBJECT ADDED ENTRY--TOPICAL TERM
Topical term or geographic name as entry element Ecology.
9 (RLIN) 39410
942 ## - ADDED ENTRY ELEMENTS (KOHA)
Source of classification or shelving scheme Dewey Decimal Classification
Koha item type Books
Holdings
Lost status Source of classification or shelving scheme Damaged status Not for loan Collection code Permanent Location Current Location Shelving location Date acquired Source of acquisition Cost, normal purchase price Total Checkouts Full call number Date last seen Copy number Koha item type
  Dewey Decimal Classification     Non-fiction Central Library, University of Rajshahi Central Library, University of Rajshahi   03/08/1968 Swets & zeitlinger 94.00   577 CLE 1967 29/01/2014 C-6 Books
  Dewey Decimal Classification   Not For Loan Non-fiction Central Library, University of Rajshahi Central Library, University of Rajshahi Reading Room 04/05/1968 Zeitlinger 88.00   577 CLE 1967 25/05/2017 C-1 Books
  Dewey Decimal Classification     Non-fiction Central Library, University of Rajshahi Central Library, University of Rajshahi   10/04/1974 Euro Bangladesh news agency 112.50   577 CLE 1954 25/05/2017 C-2 Books
  Dewey Decimal Classification     Non-fiction Central Library, University of Rajshahi Central Library, University of Rajshahi   11/08/1979 Heffers. 13.50   577 CLE 1954 25/05/2017 C-3 Books
  Dewey Decimal Classification     Non-fiction Central Library, University of Rajshahi Central Library, University of Rajshahi   21/05/1968 Euro Bangladesh news agency 112.50   577 CLE 1967 25/05/2017 C-4 Books
  Dewey Decimal Classification     Non-fiction Central Library, University of Rajshahi Central Library, University of Rajshahi   10/04/1974 Euro Bangladesh News Agency 112.20   577 CLE 1967 02/02/2019 C-5 Books